Estadísticas para Les Luthiers - El rey Enamorado

Haz click aquí para tomar la prueba!

Estadísticas generales

  • Esta prueba ha sido tomada 9 veces
  • La puntuación promedio es 9 de 12

Estadísticas de respuestas

% Correcto
¡Oh! ¡Oh, dolientes espíritus! ¡Oh, sempiternos gemidos! Acudid en mi ayuda, decidme qué debo hacer en este momento aciago… Así hago algo
100%
¿Vale acaso más una fría corona que un solo reflejo de sol en los dorados cabellos deMaría Blessing?
100%
En cambio a María la quiero para…Caramba, qué coincidencia
83%
Yo, en mi vanidad, ordené que gastaran los dineros del reino en una estatua ecuestreCuestre lo que cuestre
83%
¿Pero qué importa una corona si el resto de la dentadura está sana?
83%
Mira, mira las figuras: el rey, el caballosolo falta la sota
83%
¡Je, qué ingenuidad! Asustar a un ingléscon la alianza francesa
67%
Mira, juglar, mira la calavera. ¿Sabes a quién perteneció? ¿Lo sabes, lo reconoces?Es cierto, {está un poco demacrado}
67%
¿Sabes por qué su descarnada boca permanece muda?Porque calavera no chilla
67%
Por los acantilados de Dover navega Eric, el Rojo, con la codicia en los ojosy una flor en el pulover
67%
uno tras otro fui eliminando a mis rivales, y ya solo frente al arco...¿pero qué cobró?
50%
¡Oh, oh gloriosos antepasados, ayudadme! Apiádate de mí, tú, Godofredo, el Mudo, príncipe normando célebre por el hallazgo de Abdulamán en las cruzadas21 horizontal, 9 letras
33%

Distribución de puntuación

Porcentaje por número respondido

Porcentaje de gente con cada puntuación

Historial de tus puntuaciones

No has tomado esta prueba